| 000 | 00620nam a2200217Ia 4500 | ||
|---|---|---|---|
| 003 | OSt | ||
| 005 | 20240910164039.0 | ||
| 008 | 220927b |||||||| |||| 00| 0 eng d | ||
| 020 | _a8170332315 | ||
| 037 | _cTextual | ||
| 040 |
_aSDCL _cSDCL _beng |
||
| 041 |
_2hin _ahin |
||
| 082 | _aY N4 | ||
| 100 |
_aMahla, N. K. _9504967 |
||
| 245 | 0 | _aVarg, vichardhara evam samaj (Class, ideology and society). | |
| 260 |
_c1994. _aNew Delhi : _bRawat Publications |
||
| 300 | _a376p. | ||
| 700 |
_a Gupta Rajeev _9478416 |
||
| 942 |
_hY N4 _cTEXL _2CC |
||
| 999 |
_c823541 _d823541 |
||